Statistics for Countries with Giro d'Italia wins

Click here to take the quiz!

General Stats

  • This quiz has been taken 47 times
    (18 since last reset)
  • The average score is 13 of 16

Answer Stats

#Country% Correct
6France
100%
69Italy
100%
4Spain
94%
1Australia
89%
7Belgium
89%
1United States
89%
1Canada
83%
1Netherlands
83%
3Russia
83%
3Switzerland
83%
2United Kingdom
83%
2Colombia
78%
1Ireland
72%
2Luxembourg
72%
1Sweden
61%
1Ecuador
56%

Score Distribution

Percentile by Number Answered

Percent of People with Each Score

Your Score History

You have not taken this quiz since the last reset